[Event "It (Open) Amsterdam NED"]
[Site "?"]
[Date "2005.07.20"]
[Round "5"]
[White "Timman Jan Hein"]
[Black "Smeets Jan"]
[Result "1/2-1/2"]
[WhiteElo "2625"]
[BlackElo "2537"]
[PlyCount "46"]
[EventDate "2005.??.??"]
[Source "www.chesslib.no"]
[SourceDate "2004.05.04"]

1. c4 c6 2. Nf3 d5 3. b3 Bg4 4. e3 Nd7 5. Bb2 e6 6. h3 Bh5 7. cxd5 cxd5 8. Bb5 a6 9. Bxd7+ Qxd7 10. Ne5 Bxd1 11. Nxd7 Kxd7 12. Kxd1 f6 13. Nc3 Rc8 14. Ke2 b5 15. Rhb1 Bd6 16. b4 Ne7 17. a4 Rb8 18. axb5 axb5 19. Ra5 Nc6 20. Rxb5 Bxb4 21. Ba1 Bxc3 22. Bxc3 Rxb5 23. Rxb5 Rb8 1/2-1/2

[Event "Bundesliga 2007-8"]
[Site "Kreuzberg GER"]
[Date "2007.12.07"]
[Round "7"]
[White "Novikov, St1"]
[Black "Gagunashvili, M."]
[Result "1-0"]
[WhiteElo "2534"]
[BlackElo "2584"]
[PlyCount "91"]
[EventDate "2007.10.19"]
[Source "www.chesslib.no"]
[SourceDate "2004.05.04"]

1. c4 c6 2. Nf3 d5 3. b3 Bg4 4. Bb2 Nd7 5. d3 Ngf6 6. Nbd2 e6 7. Qc2 Bd6 8. h3 Bxf3 9. Nxf3 Qe7 10. a3 e5 11. e3 O-O 12. Be2 e4 13. Nd4 Be5 14. b4 c5 15. bxc5 Nxc5 16. O-O exd3 17. Bxd3 Nxd3 18. Qxd3 dxc4 19. Qxc4 Rac8 20. Qa4 a6 21. Rac1 Rfd8 22. Qa5 Nd7 23. Qd5 Nf6 24. Qa5 Nd7 25. Rfd1 Rc5 26. Nf5 Rxa5 27. Nxe7+ Kf8 28. Bxe5 Rxe5 29. Nc8 Re6 30. Kf1 Rc6 31. Rxc6 bxc6 32. Nb6 Ke7 33. Rxd7+ Rxd7 34. Nxd7 Kxd7 35. Ke2 Kd6 36. Kd3 Kc5 37. e4 g5 38. g3 h5 39. f4 gxf4 40. gxf4 h4 41. Kc3 a5 42. Kd3 Kb5 43. e5 Kc5 44. Ke4 Kc4 45. f5 Kc5 46. f6 1-0

[Event "AUT-chT 0001"]
[Site "Austria"]
[Date "2001.03.17"]
[Round "10"]
[White "Hertneck, Gerald"]
[Black "Mueller, Karsten"]
[Result "1/2-1/2"]
[WhiteElo "2568"]
[BlackElo "2525"]
[PlyCount "116"]
[EventDate "2000.10.??"]
[Source "ChessBase"]
[SourceDate "2001.05.06"]

1. c4 c6 2. Nf3 d5 3. b3 Bg4 4. Bb2 Nf6 5. d3 Bxf3 6. gxf3 Nbd7 7. f4 Qc7 8. e3 e5 9. fxe5 Nxe5 10. Nd2 Bb4 11. Be2 O-O-O 12. c5 Bxc5 13. Bxe5 Qxe5 14. d4 Bxd4 15. exd4 Qxd4 16. O-O Rhe8 17. Bf3 Qf4 18. Bg2 Re7 19. Re1 Rxe1+ 20. Qxe1 Re8 21. Qd1 Qd4 22. Nf1 Qb2 23. Ng3 Kb8 24. Qc1 Qxc1+ 25. Rxc1 g6 26. Kf1 Kc7 27. Rc3 Re7 28. h4 Kd6 29. h5 Nxh5 30. Nxh5 gxh5 31. Rh3 Kc5 32. a3 Kd4 33. Bf3 h4 34. Bd1 Re4 35. Rf3 Re7 36. Bc2 h6 37. Rd3+ Ke5 38. Re3+ Kf6 39. Rxe7 Kxe7 40. Kg2 Kf6 41. f4 c5 42. Bd3 Ke6 43. a4 b6 44. Kf3 h5 45. Kg2 Kf6 46. Kh3 c4 47. bxc4 dxc4 48. Be4 a6 49. Kxh4 b5 50. axb5 axb5 51. Kxh5 b4 52. Kg4 Ke6 53. Kf3 b3 54. Ke3 c3 55. Kd3 c2 56. Kd2 Kf6 57. Bd5 Kf5 58. Bxf7 Kxf4 1/2-1/2

[Event "Moscow RUS"]
[Site "?"]
[Date "2006.02.03"]
[Round "6"]
[White "Savchenko Boris"]
[Black "Czarnota Pawel"]
[Result "0-1"]
[WhiteElo "2569"]
[BlackElo "2497"]
[PlyCount "92"]
[EventDate "2006.??.??"]
[Source "www.chesslib.no"]
[SourceDate "2004.05.04"]

1. c4 c6 2. Nf3 d5 3. b3 Bg4 4. Bb2 Nd7 5. d4 e6 6. e3 Ngf6 7. Be2 Bb4+ 8. Bc3 Bxc3+ 9. Nxc3 O-O 10. O-O Qe7 11. h3 Bh5 12. a3 Rfd8 13. Re1 Rac8 14. c5 e5 15. b4 b6 16. Rc1 Bg6 17. Nh4 Ne4 18. Nxg6 hxg6 19. Qb3 Ndf6 20. Bd3 b5 21. a4 a6 22. Ra1 g5 23. Ra2 g4 24. hxg4 Nxg4 25. Nxe4 dxe4 26. Bxe4 Qh4 27. axb5 exd4 28. exd4 axb5 29. Rd2 Rxd4 30. Qc2 Rxb4 31. g3 Qh5 32. Bxc6 Rc4 33. Qb1 Rxc5 34. Bf3 Qh2+ 35. Kf1 Ne3+ 36. Ke2 Nc4 37. Rd4 Na3 38. Qd1 Rc2+ 39. Kd3 Qh7+ 40. Ke3 Qh6+ 41. Kd3 Qg6+ 42. Ke3 Qg5+ 43. Ke4 Rc1 44. Rd8+ Rxd8 45. Qxc1 f5+ 46. Ke5 Nc4+ 0-1

[Event "Budapest FS04 GM"]
[Site "Budapest"]
[Date "1994.??.??"]
[Round "3"]
[White "Beim, Valery"]
[Black "Horvath, Csaba"]
[Result "1-0"]
[WhiteElo "2530"]
[BlackElo "2535"]
[PlyCount "67"]
[EventDate "1994.04.??"]
[Source "ChessBase"]

1. c4 c6 2. Nf3 d5 3. b3 Bg4 4. Bb2 e6 5. g3 Bxf3 6. exf3 Ne7 7. f4 Nd7 8. Qc2 Nc5 9. b4 Nd7 10. a3 dxc4 11. Bxc4 Nf6 12. O-O Nf5 13. Bd3 g6 14. b5 c5 15. Be4 Rb8 16. Bxf6 Qxf6 17. Qa4 Qxa1 18. b6+ Ke7 19. bxa7 Ra8 20. Bxb7 Qd4 21. Qxd4 Nxd4 22. Bxa8 Nb5 23. Rc1 Kf6 24. Nc3 Nxa7 25. Ne4+ Kg7 26. Rb1 c4 27. Rb7 Nc6 28. Rc7 Nd4 29. Ng5 Bxa3 30. Rxf7+ Kh6 31. Rd7 Nb3 32. Nf7+ Kg7 33. Nxh8+ Kxh8 34. Kf1 1-0

[Event "Lorca 82/5"]
[Site "?"]
[Date "2001.??.??"]
[Round "?"]
[White "Giardelli, S."]
[Black "Rustemov, A."]
[Result "0-1"]
[WhiteElo "2438"]
[BlackElo "2625"]
[PlyCount "74"]
[EventDate "2001.??.??"]
[Source "Chess Informant"]
[SourceDate "2001.06.01"]

1. c4 c6 2. Nf3 d5 3. b3 Bg4 4. Bb2 Nd7 5. d3 Bxf3 6. gxf3 e5 7. cxd5 cxd5 8. d4 Qh4 9. e3 Bb4+ 10. Nd2 exd4 11. Bxd4 Ngf6 12. a3 Bc5 13. Bxc5 Nxc5 14. Rc1 Ne6 15. Bg2 O-O 16. O-O g5 17. Qc2 Rad8 18. Qf5 Kg7 19. Rfd1 d4 20. Nf1 Rd5 21. Qh3 Qxh3 22. Bxh3 dxe3 23. fxe3 Rxd1 24. Rxd1 Rc8 25. Bxe6 fxe6 26. Rd3 Rc2 27. b4 Kg6 28. Nd2 h5 29. Nb3 b6 30. Nd4 Rc1+ 31. Kg2 e5 32. Nb5 Rc2+ 33. Kg1 e4 34. fxe4 Nxe4 35. Rd4 Kf5 36. Nxa7 Kg4 37. Nb5 Kf3 0-1

[Event "Ch (Men) Osterburg GER"]
[Site "?"]
[Date "2006.02.06"]
[Round "4"]
[White "Kunin Vitaly"]
[Black "Khenkin Igor"]
[Result "0-1"]
[WhiteElo "2462"]
[BlackElo "2595"]
[PlyCount "84"]
[EventDate "2006.??.??"]
[Source "www.chesslib.no"]
[SourceDate "2004.05.04"]

1. c4 c6 2. Nf3 d5 3. b3 Bg4 4. e3 e6 5. Bb2 Nd7 6. Be2 Ngf6 7. O-O Bd6 8. h3 Bh5 9. d3 O-O 10. Nbd2 e5 11. Nh4 Bxe2 12. Qxe2 g6 13. g3 Re8 14. e4 dxe4 15. dxe4 Nc5 16. Rad1 Qe7 17. Ng2 Rad8 18. Kh2 a5 19. Rfe1 Ne6 20. Nf3 Nd7 21. Nfh4 Bc5 22. f4 exf4 23. gxf4 Nxf4 24. Qg4 Ne6 25. Nf5 Qg5 26. Qxg5 Nxg5 27. Nh6+ Kf8 28. Rf1 Ne5 29. Rxd8 Nef3+ 30. Kh1 Rxd8 31. h4 Nd2 32. Rf6 Ndxe4 33. hxg5 Nxf6 34. Bxf6 Rd1+ 35. Kh2 Bd6+ 36. Kh3 Rd3+ 37. Kh4 Rd2 38. Ne3 Rxa2 39. Nhg4 Ra3 40. Bd8 Be7 41. Bb6 Rxb3 42. Bxa5 h5 0-1

[Event "Debrecen"]
[Site "Debrecen"]
[Date "1989.??.??"]
[Round "?"]
[White "Ftacnik, Lubomir"]
[Black "Barbero, Gerardo F"]
[Result "1-0"]
[WhiteElo "2550"]
[BlackElo "2495"]
[PlyCount "96"]
[EventDate "1989.06.??"]
[Source "ChessBase"]

1. c4 c6 2. Nf3 d5 3. b3 Bg4 4. Bb2 e6 5. e3 Nd7 6. Be2 Ngf6 7. O-O Bd6 8. h3 Bh5 9. Nc3 O-O 10. d4 Qe7 11. Re1 Rad8 12. Nd2 Bxe2 13. Rxe2 Ba3 14. Bxa3 Qxa3 15. Qc2 Qe7 16. Rd1 Rfe8 17. Qb2 a6 18. e4 dxe4 19. Ndxe4 Nxe4 20. Nxe4 Nf6 21. Nc5 Rd6 22. b4 Red8 23. a4 Qc7 24. Re3 Ra8 25. a5 Rad8 26. Red3 Rb8 27. Qd2 Qe7 28. Qf4 Rbd8 29. Re1 Nh5 30. Qe3 Nf6 31. Red1 Re8 32. g4 Red8 33. Qf4 Ne8 34. g5 Qc7 35. Qh4 Qe7 36. Qg3 Qc7 37. h4 b5 38. Nxa6 Qa7 39. cxb5 cxb5 40. Nc5 Rd5 41. Ne4 Nd6 42. Nxd6 R8xd6 43. Rc1 g6 44. Rc8+ Kg7 45. Qf4 Qe7 46. a6 Rf5 47. a7 Ra6 48. Qb8 Ra1+ 1-0

[Event "5th Russian Cup Final, Kazan RUS"]
[Site "?"]
[Date "2001.??.??"]
[Round "9"]
[White "Timofeev, Ar"]
[Black "Kornev, Alexe"]
[Result "1-0"]
[WhiteElo "2515"]
[BlackElo "2515"]
[PlyCount "69"]
[EventDate "2001.??.??"]
[Source "www.chesslib.no"]
[SourceDate "2004.05.04"]

1. c4 c6 2. Nf3 d5 3. b3 Bg4 4. Bb2 Nf6 5. e3 e6 6. h3 Bh5 7. Be2 Nbd7 8. d3 Bd6 9. g4 Bg6 10. g5 Nh5 11. Rg1 h6 12. Nh4 hxg5 13. Nxg6 fxg6 14. Nd2 Be5 15. d4 Bd6 16. Bd3 Nf8 17. Nf3 Qa5+ 18. Ke2 Be7 19. Ne5 Rh6 20. Qc2 Bf6 21. cxd5 Qxd5 22. a4 Bxe5 23. dxe5 O-O-O 24. Rad1 Qa5 25. Rxg5 Rh8 26. Ba3 Rd5 27. Be4 Rxd1 28. Qxd1 Nd7 29. Qd2 Qd8 30. h4 Nhf6 31. exf6 gxf6 32. Rxg6 Rxh4 33. Bc2 Qe8 34. Qd6 Ne5 35. Rxf6 1-0

[Event "Ch"]
[Site "Ch"]
[Date "1971.??.??"]
[Round "?"]
[White "Uhlmann, Wolfgang"]
[Black "Hennings, Artur"]
[Result "1-0"]
[WhiteElo "2580"]
[BlackElo "2450"]
[PlyCount "83"]
[EventDate "1971.??.??"]
[Source "www.chesslib.no"]
[SourceDate "2004.05.04"]

1. c4 c6 2. Nf3 d5 3. b3 Bg4 4. Bb2 e6 5. e3 Nf6 6. Be2 Nbd7 7. O-O Be7 8. d3 O-O 9. Nbd2 a5 10. a3 Bd6 11. Re1 Re8 12. Nf1 Bxf3 13. Bxf3 Be5 14. d4 Bd6 15. Nd2 Qe7 16. e4 dxe4 17. Nxe4 Nxe4 18. Bxe4 Nf6 19. Bc2 Qc7 20. g3 Nd7 21. Qd3 Nf8 22. Re4 Rad8 23. Qf3 Be7 24. Rae1 Rd7 25. h4 Qd8 26. h5 h6 27. Rd1 Bf6 28. Bc3 Qe7 29. Rg4 Kh8 30. Bxa5 Qxa3 31. Bb6 Qb2 32. Qd3 Ra8 33. Kg2 Ra2 34. Rd2 Bd8 35. Bc5 Be7 36. Bxe7 Rxe7 37. Qe3 Qc1 38. Qe2 Rd7 39. d5 cxd5 40. cxd5 exd5 41. Qe8 Kg8 42. Bh7+ 1-0

[Event "6. Pfingst-Open"]
[Site "Duisburg"]
[Date "1999.??.??"]
[Round "5"]
[White "Podzielny, Karl Heinz"]
[Black "Fridman, Daniel"]
[Result "1/2-1/2"]
[WhiteElo "2499"]
[BlackElo "2529"]
[PlyCount "99"]
[EventDate "1999.05.21"]
[Source "Roberto Alvarez"]
[SourceDate "2003.06.23"]

1. c4 c6 2. Nf3 d5 3. b3 Bg4 4. Ne5 Bf5 5. cxd5 cxd5 6. e3 Nf6 7. Nc3 a6 8. g4 Bc8 9. Bg2 Nc6 10. d4 e6 11. Nxc6 bxc6 12. O-O Bb7 13. Na4 Nd7 14. f4 Bd6 15. Bb2 O-O 16. Rc1 Qe7 17. g5 Rac8 18. Rf2 c5 19. dxc5 Nxc5 20. Qd4 f6 21. gxf6 gxf6 22. Nc3 Kh8 23. Qd1 Rg8 24. b4 Nd7 25. Ne2 Rxc1 26. Qxc1 Bxb4 27. Nd4 Nb6 28. Qa1 Nd7 29. Qd1 Bc5 30. Qh5 Qe8 31. Qxe8 Rxe8 32. Bh3 Nf8 33. Rc2 Rc8 34. Rf2 Bxd4 35. Bxd4 Kg7 36. Rb2 Rc1+ 37. Kf2 Bc8 38. Bf1 Nd7 39. Bh3 Kf7 40. Ke2 Ke7 41. Rd2 Rc4 42. Bg2 Bb7 43. Kf2 e5 44. fxe5 fxe5 45. Bb2 Ra4 46. a3 Kd6 47. h3 Nb6 48. Bf1 Bc6 49. Bc3 Nc4 50. Ra2 1/2-1/2

[Event "NRW Sportland Cup Masters"]
[Site "Senden"]
[Date "1998.10.14"]
[Round "7"]
[White "Bezold, Michael"]
[Black "Fridman, Daniel"]
[Result "1/2-1/2"]
[WhiteElo "2490"]
[BlackElo "2515"]
[PlyCount "35"]
[EventDate "1998.10.08"]
[Source "ChessBase"]
[SourceDate "1999.01.01"]

1. c4 c6 2. Nf3 d5 3. b3 Bg4 4. Bb2 Nd7 5. g3 Bxf3 6. exf3 Ngf6 7. f4 Qb6 8. Qc2 e6 9. Bg2 g6 10. O-O Bg7 11. d4 O-O 12. Nd2 Rfc8 13. c5 Qd8 14. b4 a5 15. a3 axb4 16. axb4 Rxa1 17. Rxa1 Ra8 18. Qb1 1/2-1/2

[Event "Koop Tjuchem Open"]
[Site "?"]
[Date "1996.12.27"]
[Round "5"]
[White "Poldauf Dirk"]
[Black "Ruzele Darius"]
[Result "1/2-1/2"]
[WhiteElo "2470"]
[BlackElo "2520"]
[PlyCount "35"]
[EventDate "1996.??.??"]
[Source "www.chesslib.no"]
[SourceDate "2004.05.04"]

1. c4 c6 2. Nf3 d5 3. b3 Bg4 4. Ne5 Bf5 5. cxd5 cxd5 6. e3 Nd7 7. Nxd7 Bxd7 8. Bb2 e6 9. Be2 Nf6 10. O-O Bd6 11. Nc3 O-O 12. Nb5 Bxb5 13. Bxb5 Qe7 14. a3 e5 15. b4 e4 16. Be2 Be5 17. Bxe5 Qxe5 18. d4 1/2-1/2

[Event "Excelsior Cup"]
[Site "Gothenburg"]
[Date "1998.01.11"]
[Round "5"]
[White "Gausel, Einar"]
[Black "Ziegler, Ari"]
[Result "1/2-1/2"]
[WhiteElo "2540"]
[BlackElo "2440"]
[PlyCount "107"]
[EventDate "1998.01.07"]
[Source "ChessBase"]
[SourceDate "1998.04.09"]

1. c4 c6 2. Nf3 d5 3. b3 Bg4 4. Bb2 Nd7 5. e3 e6 6. Be2 Ngf6 7. Nc3 Bd6 8. cxd5 exd5 9. Nd4 Bxe2 10. Ncxe2 O-O 11. Ng3 Re8 12. O-O Bf8 13. d3 a5 14. a3 Qb6 15. Qc2 g6 16. Bc3 Bg7 17. b4 axb4 18. axb4 Rec8 19. Nge2 Ne8 20. Nb3 Bxc3 21. Qxc3 Qd8 22. Nc5 Nxc5 23. bxc5 b5 24. cxb6 Rxa1 25. Rxa1 Qxb6 26. Nf4 Qd8 27. g3 Qf6 28. d4 Qf5 29. Qd3 Nd6 30. Qxf5 Nxf5 31. Ra6 Kf8 32. Nd3 Ne7 33. Ra7 Ke8 34. g4 f6 35. h4 h6 36. Kg2 Kf7 37. Kg3 Rb8 38. Nf4 g5 39. Ng6 Kxg6 40. Rxe7 gxh4+ 41. Kxh4 Rb1 42. f4 Rh1+ 43. Kg3 h5 44. f5+ Kh6 45. Rf7 Rg1+ 46. Kf2 Rxg4 47. Rxf6+ Kg5 48. Rxc6 Kxf5 49. Rd6 Ke4 50. Re6+ Kd3 51. Re5 Rg8 52. Kf3 h4 53. Rxd5 Rf8+ 54. Kg4 1/2-1/2

[Event "Paris Open"]
[Site "Paris FRA"]
[Date "1995.??.??"]
[Round "?"]
[White "Forintos, Gyozo V"]
[Black "Prie, Eric"]
[Result "1/2-1/2"]
[WhiteElo "2485"]
[BlackElo "2480"]
[PlyCount "63"]
[EventDate "1995.04.??"]
[Source "www.chesslib.no"]
[SourceDate "2004.05.04"]

1. c4 c6 2. Nf3 d5 3. b3 Bg4 4. Ne5 Bf5 5. Bb2 e6 6. d3 Nf6 7. h3 Bd6 8. g4 Bg6 9. Bg2 Bxe5 10. Bxe5 h5 11. g5 Nfd7 12. Bxg7 Qxg5 13. Bxh8 Qxg2 14. Kd2 Qg5+ 15. Kc2 f6 16. Rg1 Qh6 17. Qd2 Qxd2+ 18. Nxd2 Kf7 19. Rg2 Na6 20. Rag1 Rg8 21. Nf3 Nf8 22. Nh4 Nc7 23. f4 Ne8 24. Kd2 Nd6 25. cxd5 cxd5 26. Rc1 Ne8 27. Rc8 Rxh8 28. Rxe8 Kxe8 29. Nxg6 Nxg6 30. Rxg6 Kf7 31. Rg1 Rc8 32. e3 1/2-1/2

[Event "BCF-chT 9798 (4NCL)"]
[Site "England"]
[Date "1998.05.25"]
[Round "11"]
[White "Kumaran, Dharshan"]
[Black "Summerscale, Aaron"]
[Result "1/2-1/2"]
[WhiteElo "2505"]
[BlackElo "2440"]
[PlyCount "100"]
[EventDate "1997.10.??"]
[Source "ChessBase"]
[SourceDate "1998.07.07"]

1. c4 c6 2. Nf3 d5 3. b3 Bg4 4. Bb2 Nd7 5. d3 Bxf3 6. gxf3 e6 7. Nd2 Ngf6 8. f4 Bd6 9. e3 Qe7 10. Bg2 e5 11. fxe5 Nxe5 12. Nf3 Nxf3+ 13. Qxf3 Be5 14. Bxe5 Qxe5 15. O-O O-O 16. d4 Qe7 17. Rac1 Rad8 18. Qf5 Rfe8 19. cxd5 Nxd5 20. Rc5 g6 21. Qb1 Qd6 22. b4 Nf6 23. h3 Nd7 24. Rc2 Nf6 25. b5 cxb5 26. Qxb5 b6 27. Rc6 Qd7 28. Qc4 Nd5 29. Rc1 Kg7 30. a4 Rf8 31. Ra1 f5 32. a5 Kh6 33. axb6 axb6 34. Rb1 f4 35. e4 f3 36. exd5 fxg2 37. Qc1+ Kh5 38. Rc7 Rxf2 39. Kxf2 Rf8+ 40. Ke2 Qe8+ 41. Kd2 Rf1 42. Qxf1 gxf1=R 43. Rxf1 Qe4 44. Rxh7+ Kg5 45. Rg1+ Kf6 46. Rg4 Qxd5 47. Rh6 Qa2+ 48. Ke3 Qa3+ 49. Ke4 Qe7+ 50. Kd3 Qa3+ 1/2-1/2

[Event "Augsburg GM"]
[Site "?"]
[Date "2005.01.05"]
[Round "10"]
[White "Heinzel Olaf"]
[Black "Atalik Suat"]
[Result "1-0"]
[WhiteElo "2402"]
[BlackElo "2541"]
[PlyCount "87"]
[EventDate "2005.??.??"]
[Source "www.chesslib.no"]
[SourceDate "2004.05.04"]

1. c4 c6 2. Nf3 d5 3. b3 Bg4 4. Bb2 Bxf3 5. gxf3 d4 6. f4 g6 7. Bg2 a5 8. d3 Bg7 9. Nd2 Nh6 10. e4 Na6 11. Nf3 Qb6 12. O-O O-O 13. Bh3 f5 14. e5 c5 15. Bg2 Nf7 16. h4 a4 17. Rb1 a3 18. Bc1 Nb4 19. Qe2 e6 20. Kh2 h6 21. Rg1 Qd8 22. Bh3 Kh7 23. h5 gxh5 24. Rg2 Nh8 25. Ra1 Ng6 26. Ng5+ hxg5 27. Qxh5+ Kg8 28. Rxg5 Nh8 29. Bd2 Rf7 30. Rag1 Nxd3 31. Qh6 Qxg5 32. Rxg5 Re8 33. Qh4 Nb4 34. Bxb4 cxb4 35. Bf1 Rd7 36. Qg3 b6 37. c5 bxc5 38. Bb5 Red8 39. Bxd7 Rxd7 40. Qf3 Nf7 41. Qc6 Re7 42. Qxc5 Rd7 43. Qc8+ Rd8 44. Qxe6 1-0

[Event "1st Asean GM"]
[Site "Bangkok"]
[Date "2004.06.07"]
[Round "4"]
[White "Aung Thant Zin"]
[Black "Zaw, Win Lay"]
[Result "1/2-1/2"]
[WhiteElo "2466"]
[BlackElo "2475"]
[PlyCount "95"]
[EventDate "2004.06.04"]
[Source "Roberto Alvarez"]
[SourceDate "2004.06.07"]

1. c4 c6 2. Nf3 d5 3. b3 Bg4 4. Ne5 Bh5 5. g4 Bg6 6. h4 Be4 7. Rh3 h5 8. g5 f6 9. d3 Bh7 10. g6 fxe5 11. gxh7 Rxh7 12. Re3 dxc4 13. dxc4 Qxd1+ 14. Kxd1 Nf6 15. f3 g6 16. Nc3 Nbd7 17. Kc2 Bh6 18. Rd3 e4 19. Rd4 e5 20. Rd6 Bf8 21. Rd1 Be7 22. Bg5 Rd8 23. Bh3 exf3 24. exf3 Kf7 25. Re1 Rhh8 26. Rad1 Rhe8 27. f4 Ng4 28. Bxg4 hxg4 29. Ne4 exf4 30. Rf1 Bxg5 31. Nd6+ Kf6 32. Nxe8+ Rxe8 33. hxg5+ Kxg5 34. Rxd7 g3 35. Rf7 g2 36. Rg1 Re2+ 37. Kd3 Rf2 38. Ke4 Kg4 39. Rxg2+ Rxg2 40. Rxf4+ Kh5 41. Rf7 Rxa2 42. Rxb7 g5 43. Rh7+ Kg6 44. Rc7 Re2+ 45. Kf3 Rb2 46. Kg4 Rg2+ 47. Kf3 Rb2 48. Kg4 1/2-1/2

[Event "Linz Open"]
[Site "Linz AUT"]
[Date "1990.??.??"]
[Round "8"]
[White "Fauland, Alexander"]
[Black "Kuczynski, Robert"]
[Result "1/2-1/2"]
[WhiteElo "2480"]
[BlackElo "2460"]
[PlyCount "114"]
[EventDate "1990.??.??"]
[Source "www.chesslib.no"]
[SourceDate "2004.05.04"]

1. c4 c6 2. Nf3 d5 3. b3 Bg4 4. e3 e6 5. Bb2 Nf6 6. h3 Bh5 7. d3 h6 8. Nbd2 Nbd7 9. Be2 Be7 10. Qc2 a5 11. a3 O-O 12. O-O Qb6 13. Rfc1 Rfd8 14. Bf1 Bg6 15. cxd5 exd5 16. Bd4 c5 17. Bc3 Nf8 18. Qb2 Ne6 19. d4 Ne4 20. dxc5 Bxc5 21. Nxe4 Bxe4 22. b4 axb4 23. axb4 Rxa1 24. Rxa1 Bf8 25. b5 Rc8 26. Nd4 Nc5 27. Qd2 Qg6 28. Bb4 Bd3 29. Bxc5 Bxf1 30. Rxf1 Rxc5 31. Qa2 Qb6 32. Qa8 g6 33. Ra1 Qc7 34. g3 Rc1+ 35. Rxc1 Qxc1+ 36. Kg2 Qc7 37. Qe8 Kg7 38. g4 Ba3 39. Qe6 fxe6 40. Nxe6+ Kf6 41. Nxc7 Ke5 42. Kf3 Be7 43. Ke2 Bc5 44. Kd3 Kd6 45. Na8 b6 46. f4 Kd7 47. e4 Kc8 48. f5 dxe4+ 49. Kxe4 gxf5+ 50. gxf5 Kb7 51. Nxb6 Kxb6 52. f6 Kxb5 53. Kf5 Kc6 54. Kg6 Kd7 55. Kxh6 Ke8 56. Kg7 Bd4 57. h4 Bxf6+ 1/2-1/2

[Event "Stockholm SWE, 25. Rilton Cup"]
[Site "?"]
[Date "2006.01.05"]
[Round "9"]
[White "Karlsson Lars"]
[Black "Gagarin Vasilij"]
[Result "1-0"]
[WhiteElo "2501"]
[BlackElo "2422"]
[PlyCount "101"]
[EventDate "2006.??.??"]
[Source "www.chesslib.no"]
[SourceDate "2004.05.04"]

1. c4 c6 2. Nf3 d5 3. b3 Bg4 4. Bb2 Bxf3 5. exf3 Nd7 6. f4 e6 7. g3 Ngf6 8. Bg2 Bd6 9. O-O O-O 10. d4 Re8 11. c5 Bf8 12. Nd2 b6 13. b4 a5 14. a3 Qb8 15. Rb1 Qb7 16. Qc2 Reb8 17. Bc3 axb4 18. axb4 g6 19. Rfe1 Bg7 20. Bf1 Ra3 21. Bd3 Rba8 22. Rb3 Ra2 23. Rb2 R2a3 24. Reb1 Ne8 25. Nf3 Nc7 26. Ne5 Nxe5 27. fxe5 Nb5 28. Bxb5 cxb5 29. Rb3 R3a4 30. Bb2 Qc6 31. h4 f6 32. exf6 Bxf6 33. Qe2 bxc5 34. bxc5 Rc4 35. Re3 Re8 36. h5 Bxd4 37. Bxd4 Rxd4 38. Rxb5 Rd1+ 39. Qxd1 Qxb5 40. hxg6 hxg6 41. Qc2 Kf7 42. Rf3+ Kg7 43. Rb3 Qc6 44. Rb6 Qa8 45. Qb2+ Kh6 46. c6 Qa5 47. Rb8 Qe1+ 48. Kg2 Rxb8 49. Qxb8 Qe4+ 50. Kh2 Qc2 51. Qh8+ 1-0

[Event "SCO Ch"]
[Site "Scotland"]
[Date "1994.??.??"]
[Round "?"]
[White "McNab, Colin Anderson"]
[Black "Condie, Mark L"]
[Result "1/2-1/2"]
[WhiteElo "2460"]
[BlackElo "2455"]
[PlyCount "24"]
[EventDate "1994.??.??"]
[Source "www.chesslib.no"]
[SourceDate "2004.05.04"]

1. c4 c6 2. Nf3 d5 3. b3 Bg4 4. Bb2 Nd7 5. d3 Ngf6 6. Nbd2 e6 7. Qc2 Bc5 8. e3 Qe7 9. Be2 Ba3 10. Bxa3 Qxa3 11. h3 Bxf3 12. Nxf3 a5 1/2-1/2

[Event "Jonsson Mem Open, Reykjavik ISL"]
[Site "?"]
[Date "2001.??.??"]
[Round "2"]
[White "Gunnarsson, Arn"]
[Black "Ehlvest, J."]
[Result "0-1"]
[WhiteElo "2285"]
[BlackElo "2625"]
[PlyCount "80"]
[EventDate "2001.??.??"]
[Source "www.chesslib.no"]
[SourceDate "2004.05.04"]

1. c4 c6 2. Nf3 d5 3. b3 Bg4 4. Bb2 Bxf3 5. exf3 Nd7 6. f4 Ngf6 7. Be2 g6 8. d3 Bg7 9. Qc2 O-O 10. Nd2 Ne8 11. h4 Nc5 12. Nf3 dxc4 13. dxc4 Qa5+ 14. Kf1 Rd8 15. g3 Bxb2 16. Qxb2 Nf6 17. b4 Qb6 18. Rb1 Nce4 19. c5 Qc7 20. Qc2 Qc8 21. Bd3 Rxd3 22. Qxd3 Rd8 23. Qe3 Qf5 24. Re1 Rd3 25. Qxd3 Nxg3+ 26. fxg3 Qxd3+ 27. Kg2 Qc2+ 28. Kh3 Ne4 29. Nd4 Qd3 30. Rxe4 Qxe4 31. Rd1 Kg7 32. Kh2 f6 33. Rd2 Kf7 34. Nc2 Qc4 35. a3 Qc3 36. Re2 Qd3 37. Rf2 a5 38. bxa5 Qb5 39. Kg2 Qxa5 40. Re2 Qxc5 0-1

[Event "HUN-chT1 9596"]
[Site "HUN"]
[Date "1995.??.??"]
[Round "3"]
[White "Forintos, Gyozo V"]
[Black "Feher, Gyula"]
[Result "0-1"]
[WhiteElo "2485"]
[BlackElo "2420"]
[PlyCount "64"]
[EventDate "1995.??.??"]
[Source "www.chesslib.no"]
[SourceDate "2004.05.04"]

1. c4 c6 2. Nf3 d5 3. b3 Bg4 4. Ne5 Bh5 5. g4 Bg6 6. Nxg6 hxg6 7. Bg2 e6 8. Bb2 Nd7 9. d3 Qh4 10. h3 Ngf6 11. Rf1 e5 12. Qc2 e4 13. dxe4 dxe4 14. Bd4 Bc5 15. e3 O-O 16. Nc3 b5 17. Bxc5 Nxc5 18. Nxe4 Ncxe4 19. Bxe4 Rae8 20. Bxc6 Rxe3+ 21. Kd2 Re6 22. cxb5 Nd5 23. Qc4 Nb6 24. Qc3 Rd8+ 25. Kc1 Re2 26. f4 Qe7 27. a4 Re3 28. Qc2 Rdd3 29. a5 Rc3 30. axb6 Rxc2+ 31. Kxc2 Qc5+ 32. Kb1 Rxb3+ 0-1

[Event "It Memorial S. Furman"]
[Site "?"]
[Date "1995.??.??"]
[Round "4"]
[White "Gurgenidze Bukhuti I"]
[Black "Bagirov Vladimir K"]
[Result "1/2-1/2"]
[WhiteElo "2375"]
[BlackElo "2530"]
[PlyCount "23"]
[EventDate "1995.??.??"]
[Source "www.chesslib.no"]
[SourceDate "2004.05.04"]

1. c4 c6 2. Nf3 d5 3. b3 Bg4 4. d4 e6 5. Nbd2 Nd7 6. Bb2 Ngf6 7. a3 a5 8. g3 Be7 9. Bg2 O-O 10. O-O Qb8 11. Rc1 b5 12. cxd5 1/2-1/2

[Event "Karlsruhe Elo"]
[Site "Karlsruhe"]
[Date "1991.??.??"]
[Round "9"]
[White "Farago, Sandor"]
[Black "Chabanon, Jean Luc"]
[Result "1/2-1/2"]
[WhiteElo "2410"]
[BlackElo "2480"]
[PlyCount "128"]
[EventDate "1991.??.??"]
[Source "www.chesslib.no"]
[SourceDate "2004.05.04"]

1. c4 c6 2. Nf3 d5 3. b3 Bg4 4. Bb2 Nd7 5. e3 Ngf6 6. Be2 e6 7. O-O Bd6 8. h3 Bh5 9. cxd5 cxd5 10. Nc3 O-O 11. Nb5 Be7 12. d3 a6 13. Nbd4 Qb8 14. Rc1 Rc8 15. Qd2 Qd6 16. Rc2 Rxc2 17. Qxc2 Nb6 18. e4 Rc8 19. Qb1 Qb8 20. a3 h6 21. e5 Nfd7 22. Re1 Rc7 23. Nh2 Bxe2 24. Rxe2 Qf8 25. Qa1 Nc8 26. f4 Na7 27. Nhf3 Nc6 28. Kh1 Nxd4 29. Nxd4 Bc5 30. Nf3 Qc8 31. b4 Bf8 32. Qd1 b5 33. Qb3 Nb6 34. Bd4 Na4 35. Kh2 Rc1 36. Rf2 Qc6 37. g4 Be7 38. h4 Bd8 39. h5 Bb6 40. Kg2 Bxd4 41. Nxd4 Qb6 42. Ne2 Re1 43. d4 Qd8 44. Qg3 Qc8 45. g5 Qc2 46. Ng1 Qe4+ 47. Nf3 Kf8 48. g6 fxg6 49. Qxg6 Qxg6+ 50. hxg6 Re3 51. f5 Nc3 52. f6 Ne4 53. Rc2 gxf6 54. exf6 Nxf6 55. Rc7 Ne4 56. Ne5 Rxa3 57. Kf1 Rg3 58. Rf7+ Kg8 59. Ra7 Nd6 60. Rxa6 Nc4 61. Kf2 Rg5 62. Ra8+ Kg7 63. Ra7+ Kg8 64. Ra8+ Kg7 1/2-1/2

[Event "Cannes Open"]
[Site "Cannes FRA"]
[Date "1995.??.??"]
[Round "2"]
[White "Anic, Darko"]
[Black "Prie, Eric"]
[Result "1/2-1/2"]
[WhiteElo "2410"]
[BlackElo "2480"]
[PlyCount "30"]
[EventDate "1995.02.??"]
[Source "www.chesslib.no"]
[SourceDate "2004.05.04"]

1. c4 c6 2. Nf3 d5 3. b3 Bg4 4. Bb2 Nd7 5. g3 e6 6. Bg2 Ngf6 7. O-O a5 8. d3 a4 9. Nbd2 axb3 10. axb3 Bb4 11. Qc2 O-O 12. Rxa8 Qxa8 13. Ra1 Qb8 14. Bc3 Bxc3 15. Qxc3 e5 1/2-1/2